000 00627nam a2200169 i 4500
001 70023
003 ES-MaACL
005 20230906170708.0
007 t|
008 040715s1984 sp ||||1| spa d
100 1 _aGarcía Mercadal, Fernando.
_954944
245 1 3 _aLa casa mediterránea
_b: Museo Español de Arte Contemporáneo : octubre-noviembre 1984 /
_cFernando García Mercadal.
260 _a[Madrid] :
_bDirección General de Bellas Artes y Archivos,
_c1984.
300 _a144 p., lám. ;
_c22 cm.
710 1 _aEspaña.
_bDirección General de Bellas Artes y Archivos.
_93708
852 _aES-MaACL
_jL-8561
_bR.107677
999 _c70023
_d70023